A-Z Trivia Quiz Stats

 Plays Quiz not verified by Sporcle

Challenge
Share
Tweet
Embed
Score 0/26 Timer 07:00
0 Plays Today
Clue/Hint Answer % Correct
Last letter of the Greek alphabetOmega
77.4%
One who dies for a causeMartyr
73.6%
Capital of IndonesiaJakarta
71.7%
The end of the worldArmageddon
69.8%
A line that touches a circle at one point or to say something that isn't related to the conversationTangent
66%
What two lines are to each other when at a 90 degree anglePerpendicular
64.2%
Passenger Zeppelin that caught fireHindenburg
62.3%
Big name in pet foodIams
62.3%
1986 movie starring Matthew BroderickFerris Bueller's Day Off
60.4%
The study of the history and formation of wordsEtymology
58.5%
Landlocked county in Africa that only borders one other countryLesotho
54.7%
To be in love with oneselfNarcissist
50.9%
A word synonymous with pure and downright or and a homophone of a part of a cowUtter
47.2%
Clue/Hint Answer % Correct
Language in which poem mentioned above was originally written inSanskrit
45.3%
A movement on behalf fo the country of IsraelZionism
45.3%
The longest river in AsiaYangtze
43.4%
Like a GlockenspielXylophone
39.6%
French college qualification testBaccalauréat
24.5%
A comedy troupe and TV show consisting of five white, young, male comediansWhitest Kids U' Know
20.8%
5 letter acronym for government agency that develops new military technologyDefense Advanced Research Projects Agency
18.9%
A city planet in star wars with the hyperspace coordinates (0,0,0,)Coruscant
17%
Largest ocean liner in the worldQueen Mary 2
17%
Ancient Hindu epic poem. 8 letters, the first four of which are the name of the protagonistRamayana
9.4%
A red-orange pigment worn by hindu men on their foreheadsVermilion
7.5%
Israeli form of hand-to-hand combatKravMaga
5.7%
Similar to duct tapeGaffers Tape
1.9%

You're not logged in!

Compare scores with friends on all Sporcle quizzes.
Join for Free
OR
Log In

You Might Also Like...

Show Comments

Extras

Created Jun 30, 2011ReportFavoriteNominate
Tags:A-Z

Top Quizzes Today


Score Distribution

Your Account Isn't Verified!

In order to create a playlist on Sporcle, you need to verify the email address you used during registration. Go to your Sporcle Settings to finish the process.

Report this User

Report this user for behavior that violates our Community Guidelines.

Details: